000
00312nam a22001457a 4500
008
230622b ||||| |||| 00| 0 eng d
020
_a
97891270442
041
_a
eng
080
_a
61
082
_a
61POO
100
_a
8
101
_a
MJK
245
_a
CLINICAL MEMORY ASSESSMENT
_c
POON.W.L
942
_2
udc
_c
BK
999
_c
60033
_d
60033